1783 1697 2000 1723 1815 1704 1809 1246 1663 1143 1031 1731 1592 1588 1834 1631 1955 1044 1321 1862 1762 1419 1250 1900 1460 1507 1008 1027 1566 1926 1394 1015 1884 1301 1828 1342 1729 1159 1426 1894 1101 1378 1638 1709 1020 1603 1190 1762 1679 1280 1227 1096 1383 1936 1315 1696 1229 1526 1479 1070 1870 1914 1292 1134 1739 1478 1036 1922 1832 1229 1686 1564 1999 1782 1324 1978 1526 1253 1566 1789 1803 1270 1843 1259 1048 1821 1413 1650 1473 1890 1284 1990 1759 1628 1631 1629 1685 1273 1090 BCNSPRNW ULIB Ver.6.0+V

เปลี่ยนเป็นภาษาไทย

Change to English
 แสดงรายละเอียดบรรณานุกรม
  กลับหน้าหลัก

Brief Record : Get Marc (ISO 2709) : E-mail record : QR code < ปิดหน้าต่าง
LEADER : 00000nam 2200000uu 4500
001    13399111756
003     ULIB
008    110707s2543||||th 000 0 tha d
020    9748599663
050  4 DS485^bพ775ภ 2543
100 0  พิสมัย จันทวิมล
245 10 ภูฏาน :^bมนต์เสน่ห์ในอ้อมกอดหิมาลัย /^cพิสมัย จันทวิมล,เรื่องและภาพ ; สุพัตรา สุขสวัสดิ์, บรรณาธิการ
260    กรุงเทพฯ :^bร้านนายอินทร์,^c2543
300    160 หน้า :^bภาพประกอบ ;^c21 ซม.
650  4 ภูฏาน^xภูมิประเทศและการท่องเที่ยว
650  4 ภูฏาน^xความเป็นอยู่และประเพณี
700 0  สุพัตรา สุขสวัสดิ์
945    ^p175^l0^i014504
995    ทศพร
999 ^a ใช้งานได้ทุกระบบ
รายการนี้ยังไม่มีแท็ก
คุณยังไม่ได้ล็อกอิน คุณสามารถมีกิจกรรมร่วมกับเว็บไซต์ได้ แต่ต้องล็อกอินก่อน ::
  ล็อกอิน

รายการสื่อสารสนเทศ

ลำดับที่ ประเภท เลขเรียก/บาร์โค้ด สถานที่ สถานะ
- ไม่พบข้อมูล -

BibComment


ยังไม่เคยถูกคอมเมนท์

คอมเมนท์ทรัพยากรรายการนี้
  คอมเมนท์: ภูฏาน มนต์เสน่ห์..


 Copyright 2026. Bcnsprnw @Library